000 00590nam a2200205Ia 4500
005 20250508153956.0
008 008 250505s9999 xx 000 0 eng d
037 _aTextual
040 _aFEDL
_beng
_cFEDL
041 _aeng
_2eng
084 _a370.942, ALE
_qFEDL
100 _aAlexander William
245 0 _aEducation in England : The National system - How it works
250 _a2
260 _aLondon, UK
_bNewnes Educational Publishing Co. Ltd.
_c1964
300 _axi,163p
650 _aEducation
942 _cTEXL
_h370.942, ALE
999 _c1346746
_d1346746